[Event "BCC Adolf Anderssen Friday Night Marath"]
[Site "Berkeley"]
[Date "2009.02.13"]
[Round "6"]
[White "Trestor, David Jon"]
[Black "Macintyre, Brendan"]
[Result "1/2-1/2"]
[WhiteElo "1710"]
[BlackElo "1654"]
[PlyCount "89"]
[EventDate "2009.??.??"]
[SourceDate "2007.10.22"]

1. e4 c5 2. Nc3 Nc6 3. Nf3 g6 4. d4 cxd4 5. Nxd4 Bg7 6. Be3 Nf6 7. Qd2 Ng4 8.
Nxc6 bxc6 9. Bd4 Nf6 10. e5 Ng8 11. Bc4 Nh6 12. Qf4 O-O 13. g4 d5 14. Be2 a5
15. Na4 Qc7 16. Qg3 f5 17. exf6 Qxg3 18. hxg3 exf6 19. Nb6 Rb8 20. Nxc8 Rbxc8
21. O-O-O a4 22. Bc5 Rfe8 23. Ba6 Rb8 24. Rd4 f5 25. Rxa4 Nxg4 26. c3 Re4 27.
Bd4 Nxf2 28. Rf1 Ng4 29. Bd3 Bh6+ 30. Kb1 Re7 31. c4 Nh2 32. Rh1 Ng4 33. cxd5
cxd5 34. Bc5 Rd7 35. b3 Bg7 36. Be2 Nf6 37. Bf3 Ne4 38. Bxe4 fxe4 39. Rd1 Rf7
40. Rxd5 Rf1+ 41. Kc2 Rc8 42. Rxe4 Rf2+ 43. Kd3 Rxa2 44. Re7 Bf8 45. Ree5
1/2-1/2

[Event "Berkeley CC FNM; 30/90, SD/30"]
[Site "Berkeley"]
[Date "2009.05.01"]
[Round "1.7"]
[White "Trestor, David J"]
[Black "Moore, John Robert"]
[Result "1-0"]
[WhiteElo "1666"]
[BlackElo "1130"]
[PlyCount "89"]
[EventDate "2009.??.??"]
[SourceDate "2007.10.22"]

1. e4 e5 2. Nf3 Nf6 3. Nxe5 d6 4. Nf3 Nxe4 5. d4 d5 6. Bd3 Bf5 7. O-O Be7 8.
Re1 Nc6 9. c3 O-O 10. Nbd2 Nxd2 11. Bxf5 Nxf3+ 12. Qxf3 Bd6 13. Qh3 g6 14. Bd7
Nb8 15. Ba4 c6 16. Bh6 Re8 17. Re3 Nd7 18. Rae1 Rxe3 19. Rxe3 Bf8 20. Bc2 Bxh6
21. Qxh6 Qf8 22. Qf4 Qd8 23. Rf3 f5 24. g4 fxg4 25. Qxg4 Nf6 26. Qe6+ Kg7 27.
h4 Qf8 28. h5 Re8 29. h6+ Kxh6 30. Qxf6 Qxf6 31. Rxf6 Re7 32. Kf1 Kg5 33. Rf3
Rg7 34. Rg3+ Kf6 35. f4 h6 36. Kg2 g5 37. fxg5+ Rxg5 38. Rxg5 hxg5 39. Kf3 Kg7
40. Kg4 Kh6 41. b4 b6 42. Bf5 a5 43. bxa5 bxa5 44. Bd7 Kg6 45. Bxc6 1-0

[Event "BCC David Pruess Marathon"]
[Site "?"]
[Date "2008.10.03"]
[Round "5"]
[White "Trestor, David"]
[Black "Motschenbacher, Von"]
[Result "1-0"]
[WhiteElo "1749"]
[BlackElo "1772"]
[PlyCount "53"]
[EventDate "2008.??.??"]
[SourceDate "2007.10.22"]

1. e4 e6 2. c4 d5 3. cxd5 exd5 4. exd5 Nf6 5. d4 Nxd5 6. Bc4 Bb4+ 7. Bd2 O-O 8.
Ne2 Re8 9. O-O Bxd2 10. Nxd2 Bg4 11. Qb3 Rxe2 12. Bxe2 Bxe2 13. Rfe1 Ba6 14.
Qxd5 Nc6 15. Qxd8+ Rxd8 16. Nf3 Kf8 17. Re3 Nxd4 18. Nxd4 Rxd4 19. Rae1 g6 20.
b3 Bb5 21. Re7 Bd7 22. Kf1 Bb5+ 23. Kg1 Bd7 24. a4 c5 25. f3 a6 26. Rc1 Rd5 27.
Re3 1-0

[Event "BCC David Pruess Marathon"]
[Site "?"]
[Date "2008.09.05"]
[Round "1"]
[White "Trestor, David"]
[Black "Ren, James"]
[Result "1-0"]
[WhiteElo "1749"]
[BlackElo "1350"]
[PlyCount "53"]
[EventDate "2008.??.??"]
[SourceDate "2007.10.22"]

1. e4 c5 2. Nc3 d6 3. Nf3 Nf6 4. d4 cxd4 5. Nxd4 g6 6. f3 Bg7 7. Be3 Nc6 8. Qd2
O-O 9. O-O-O Bd7 10. g4 Qa5 11. Nb3 Qc7 12. Bh6 Be6 13. h4 a6 14. h5 Ne5 15.
Bxg7 Kxg7 16. hxg6 fxg6 17. Qh6+ Kg8 18. g5 Nh5 19. Rxh5 gxh5 20. Qxe6+ Kh8 21.
Nd5 Qd7 22. Qh6 Qd8 23. Nd4 Rf7 24. f4 Ng6 25. f5 Ne5 26. Ne6 Qg8 27. Be2 1-0

[Event "BCC Adolf Anderssen Friday Night Marath"]
[Site "Berkeley"]
[Date "2009.01.30"]
[Round "4.3"]
[White "Trestor, David Jon"]
[Black "Sowell, Nelson M"]
[Result "0-1"]
[WhiteElo "1710"]
[BlackElo "1738"]
[PlyCount "40"]
[EventDate "2009.??.??"]
[SourceDate "2007.10.22"]

1. e4 Nf6 2. e5 Nd5 3. d4 d6 4. Nf3 Bg4 5. Be2 e6 6. c4 Nb6 7. O-O Be7 8. h3
Bh5 9. Nc3 O-O 10. Be3 Nc6 11. Rc1 Bxf3 12. gxf3 dxe5 13. d5 exd5 14. cxd5 Nb4
15. Bxb6 axb6 16. a3 Na6 17. Nb5 Bg5 18. Rc4 Bf4 19. Rxf4 exf4 20. Bc4 Qh4 0-1

[Event "BCC Annual Championship"]
[Site "?"]
[Date "2008.11.07"]
[Round "3"]
[White "Van Gorder, Neil"]
[Black "Clara, John"]
[Result "0-1"]
[WhiteElo "1524"]
[BlackElo "1410"]
[PlyCount "49"]
[EventDate "2008.??.??"]
[SourceDate "2007.10.22"]

1. e4 c6 2. d4 d5 3. Nc3 dxe4 4. Nxe4 Bf5 5. Ng3 Bg6 6. h4 h6 7. Nf3 e6 8. h5
Bh7 9. Bd3 Bxd3 10. Qxd3 Bd6 11. Ne4 Nf6 12. Nxd6+ Qxd6 13. Bd2 Nbd7 14. O-O-O
O-O-O 15. Qe2 c5 16. dxc5 Qxc5 17. Be3 Qa5 18. Qc4+ Kb8 19. Bf4+ Ka8 20. Kb1
Rc8 21. Qe2 Qf5 22. Bg3 Nb6 23. Ne5 Ne4 24. Nd3 Nc4 25. b3 {
(White resigned in light of the incoming Nc3)} 0-1

[Event "BCC Annual Championship"]
[Site "?"]
[Date "2008.10.31"]
[Round "2.7"]
[White "Van Gorder, Neil"]
[Black "Cooklev, Steven"]
[Result "0-1"]
[WhiteElo "1524"]
[BlackElo "1287"]
[PlyCount "76"]
[EventDate "2008.??.??"]
[SourceDate "2007.10.22"]

1. e4 e5 2. Nf3 f5 3. Nxe5 Qf6 4. d4 d6 5. Nf3 fxe4 6. Bg5 Qg6 7. Qe2 Be6 8.
Qb5+ Nd7 9. Nfd2 c6 10. Qxb7 Rb8 11. Qxc6 Qxg5 12. Qxe4 Ngf6 13. Qxe6+ Be7 14.
Nc4 Qc1+ 15. Ke2 Qxc2+ 16. Kf3 Rf8 17. Nxd6+ Kd8 18. Nf7+ Rxf7 19. Na3 Ne4+ 20.
Qxf7 Qxf2+ 21. Kxe4 Qxf7 22. Bc4 Qg6+ 23. Kf3 Bxa3 24. bxa3 Qc6+ 25. Ke3 Qxc4
26. Rhc1 Qe6+ 27. Kf2 Rb2+ 28. Kf3 Qe2+ 29. Kf4 Qf2+ 30. Ke4 Qxg2+ 31. Kd3 Qe2+
32. Kc3 Qd2+ 33. Kc4 Rc2+ 34. Rxc2 Qxc2+ 35. Kd5 Nf6+ 36. Kd6 Qc7+ 37. Ke6 Qe7+
38. Kf5 Qe4+ 0-1

[Event "BCC David Pruess Marathon"]
[Site "?"]
[Date "2008.09.05"]
[Round "1.2"]
[White "Van Gorder, Neil"]
[Black "Jones, James"]
[Result "0-1"]
[WhiteElo "1522"]
[BlackElo "2023"]
[PlyCount "41"]
[EventDate "2008.??.??"]
[SourceDate "2007.10.22"]

1. e4 c5 2. Nf3 d6 3. d4 cxd4 4. Nxd4 Nf6 5. Nc3 g6 6. f3 Bg7 7. Be3 Bd7 8. Qd2
Nc6 9. O-O-O O-O 10. Bh6 Nxd4 11. Bxg7 Nxf3 12. gxf3 Kxg7 13. Bc4 Rc8 14. Bb3
Qa5 15. h4 Rxc3 16. Qxc3 Qxc3 17. bxc3 Rc8 18. Kb2 a5 19. Bd5 e6 20. e5 Nxd5
21. exd6 0-1

[Event "BCC Josh Friedel Marathon"]
[Site "Berkeley"]
[Date "2008.08.15"]
[Round "6.5"]
[White "Van Gorder, Neil A"]
[Black "Landrum, Brett John"]
[Result "1-0"]
[WhiteElo "1366"]
[BlackElo "1509"]
[PlyCount "113"]
[EventDate "2008.??.??"]
[SourceDate "2007.10.22"]

1. e4 e5 2. Nf3 Nc6 3. Bc4 h6 4. d4 exd4 5. Nxd4 Nxd4 6. Qxd4 Qf6 7. e5 Qg6 8.
O-O b6 9. Bd3 Qh5 10. Nc3 Bc5 11. Qe4 c6 12. Be3 Bxe3 13. fxe3 Ne7 14. Rf2 Ng6
15. Rf5 Qh4 16. Raf1 Qxe4 17. Nxe4 O-O 18. Nd6 Nh8 19. Bc4 a5 20. Bxf7+ Nxf7
21. Rxf7 Rxf7 22. Rxf7 Rb8 23. Re7 Ba6 24. e6 dxe6 25. Rxe6 Rf8 26. Re8 Rxe8
27. Nxe8 Bc4 28. b3 Be6 29. Kf2 Bf5 30. c3 Bb1 31. a3 Ba2 32. b4 a4 33. Nd6 b5
34. Kf3 Kf8 35. Kf4 Ke7 36. Ke5 Be6 37. g3 Bh3 38. Nf5+ Kf7 39. Nd4 Bd7 40. Kd6
Be8 41. Nxc6 Kg6 42. e4 Kg5 43. Kc5 Kg4 44. Kxb5 Kh3 45. Kc5 Kxh2 46. b5 Bd7
47. Kd6 Bc8 48. e5 Kxg3 49. e6 Bxe6 50. Kxe6 h5 51. b6 h4 52. b7 h3 53. b8=Q+
Kg2 54. Qb2+ Kg1 55. Qc1+ Kg2 56. Qg5+ Kf1 57. Qg3 1-0

[Event "BCC Championship"]
[Site "Berkeley"]
[Date "2008.12.05"]
[Round "6.10"]
[White "Van Gorder, Neil A"]
[Black "Landrum, Brett John"]
[Result "1/2-1/2"]
[WhiteElo "1524"]
[BlackElo "1480"]
[PlyCount "130"]
[EventDate "2008.??.??"]
[SourceDate "2007.10.22"]

1. e4 e5 2. Nf3 d6 3. d4 exd4 4. Qxd4 Qf6 5. Qe3 Nc6 6. Bb5 Bd7 7. O-O a6 8.
Ba4 Be7 9. c3 Qg6 10. Nd4 b5 11. Bc2 Ne5 12. Nd2 Nf6 13. f4 Qh6 14. N2f3 Nc4
15. Qe1 O-O 16. e5 Nd5 17. b3 Ncb6 18. f5 Qh5 19. e6 fxe6 20. fxe6 Bc8 21. Nc6
Bf6 22. Nfd4 Bb7 23. Rf5 Qg4 24. h3 Qh4 25. Qxh4 Bxh4 26. Bd2 Bf6 27. Raf1 Bc8
28. Bd3 Bb7 29. c4 bxc4 30. bxc4 Ne7 31. Nxe7+ Bxe7 32. Rf7 Bf6 33. Bxh7+ Kxh7
34. R1xf6 Rxf7 35. Rxf7 Nxc4 36. Rxc7 Bd5 37. Bc3 Ne5 38. e7 Re8 39. Nf5 Ng6
40. Nxd6 Rxe7 41. Rxe7 Nxe7 42. a4 Bc6 43. a5 Kg6 44. Kf2 Nd5 45. Bd2 Kf6 46.
Ne4+ Ke5 47. Nc5 Bb5 48. g4 Kd4 49. Ne6+ Kd3 50. Be1 g6 51. Kg3 Be8 52. Nf4+
Ke4 53. Nxd5 Kxd5 54. Kf4 Ke6 55. h4 Bf7 56. Kg5 Ke7 57. h5 gxh5 58. gxh5 Kf8
59. h6 Kg8 60. Bd2 Kh7 61. Kf6 Bc4 62. Ke5 Kg6 63. Kd6 Kf6 64. Bc3+ Kg6 65. Bd2
Bd3 1/2-1/2

[Event "BCC Josh Friedel Marathon"]
[Site "Berkeley"]
[Date "2008.08.01"]
[Round "4.7"]
[White "Van Gorder, Neil A"]
[Black "Lee, Brandon"]
[Result "0-1"]
[WhiteElo "1366"]
[BlackElo "1518"]
[PlyCount "110"]
[EventDate "2008.??.??"]
[SourceDate "2007.10.22"]

1. e4 e6 2. d4 d5 3. Nc3 dxe4 4. Nxe4 Nd7 5. Nf3 Ngf6 6. Bd3 Nxe4 7. Bxe4 Nf6
8. Bd3 Be7 9. c3 b6 10. Bb5+ Bd7 11. Bxd7+ Qxd7 12. O-O Bd6 13. Bg5 O-O-O 14.
Ne5 Qe7 15. Nc6 Qe8 16. Nxd8 Qxd8 17. Qf3 Kb8 18. a4 a5 19. Rfb1 h6 20. Bf4
Bxf4 21. Qxf4 Qd5 22. b4 axb4 23. Rxb4 Kc8 24. c4 Qa5 25. Rb5 Qc3 26. Rbb1 Rd8
27. Rc1 Qb2 28. d5 exd5 29. cxd5 Nxd5 30. Qxf7 Nc3 31. Kh1 Qe2 32. Qf5+ Kb8 33.
Qc2 Rd1+ 34. Rxd1 Qxc2 35. Rac1 Qxa4 36. Ra1 Qxd1+ 37. Rxd1 Nxd1 38. f4 Kc8 39.
Kg1 Kd7 40. Kf1 Ke6 41. Ke2 Nc3+ 42. Kd3 Nd5 43. g3 Kf5 44. Kd4 Nxf4 45. gxf4
Kxf4 46. Kd5 Kf3 47. Kc6 Kg2 48. Kxc7 b5 49. h4 b4 50. h5 b3 51. Kd7 b2 52. Ke7
b1=Q 53. Kf7 Qf5+ 54. Kxg7 Qxh5 55. Kh7 Qg5 0-1

[Event "Blackburne Friday Night Marathon"]
[Site "Berkeley"]
[Date "2009.03.27"]
[Round "3.10"]
[White "Van Gorder, Neil A"]
[Black "Magganas, Aristotle"]
[Result "1-0"]
[WhiteElo "1421"]
[BlackElo "1097"]
[PlyCount "79"]
[EventDate "2009.??.??"]
[SourceDate "2007.10.22"]

1. e4 e5 2. Nf3 Nc6 3. Bb5 a6 4. Ba4 Nf6 5. O-O Be7 6. Re1 b5 7. Bb3 d6 8. c3
O-O 9. h3 Na5 10. Bc2 c5 11. d4 Qc7 12. d5 Bd7 13. Nbd2 Rfc8 14. b3 b4 15. c4
Nh5 16. Nxe5 dxe5 17. Qxh5 Nb7 18. Nf1 g6 19. Qf3 Qd6 20. Qg3 f6 21. f4 exf4
22. Bxf4 Qb6 23. e5 fxe5 24. Bxe5 Bd6 25. Bxd6 Qxd6 26. Qxd6 Nxd6 27. Re7 Be8
28. Rae1 a5 29. R1e6 Nf7 30. Ng3 a4 31. Kf2 axb3 32. axb3 Ra2 33. Re2 Nd6 34.
R7e6 Rd8 35. Ne4 Nxe4+ 36. Bxe4 Rxe2+ 37. Kxe2 Bd7 38. Re7 Bc8 39. Rc7 Re8 40.
Kd3 1-0

[Event "Shorman Sunday Night Marathon"]
[Site "?"]
[Date "2008.01.13"]
[Round "4"]
[White "Van Gorder, Neil"]
[Black "Newey, Richard"]
[Result "1-0"]
[WhiteElo "1259"]
[BlackElo "1728"]
[PlyCount "111"]
[EventDate "2008.??.??"]
[SourceDate "2007.10.22"]

1. d4 Nf6 2. c4 e6 3. Nf3 b6 4. e3 Bb7 5. Nc3 Be7 6. Bd3 d5 7. Qc2 c5 8. cxd5
exd5 9. b3 Nc6 10. a3 O-O 11. O-O cxd4 12. exd4 h6 13. Bf4 Bd6 14. Bxd6 Qxd6
15. Rfe1 Rfe8 16. b4 Re7 17. Rxe7 Qxe7 18. Re1 Qd6 19. Nb5 Qf4 20. Qd2 Qxd2 21.
Nxd2 Re8 22. Kf1 Ba6 23. Nf3 Ne4 24. Re3 Re7 25. Be2 Kf8 26. Ke1 g5 27. g4 Bc8
28. h3 f5 29. Ne5 Nxe5 30. dxe5 f4 31. Rd3 Bb7 32. Nd6 Ba8 33. Nxe4 dxe4 34.
Rd8+ Re8 35. Rxe8+ Kxe8 36. Bc4 Ke7 37. Ke2 Bb7 38. Bb3 a6 39. Bc4 a5 40. Bb3
Bc8 41. Kd2 Be6 42. Bc2 Bc4 43. Bxe4 Bf1 44. Kc3 Bxh3 45. f3 Bf1 46. Bd3 Bg2
47. Be2 Ke6 48. Kd4 Kd7 49. Kd5 h5 50. gxh5 g4 51. e6+ Ke7 52. Ke5 Bxf3 53. h6
Bxe2 54. h7 f3 55. h8=Q f2 56. Qh4+ 1-0

[Event "David Pruess FNM; 30/90, SD/30"]
[Site "Berkeley"]
[Date "2008.10.03"]
[Round "5.7"]
[White "Van Gorder, Neil A"]
[Black "Salerno, Stacy"]
[Result "1-0"]
[WhiteElo "1448"]
[BlackElo "682"]
[PlyCount "107"]
[EventDate "2008.??.??"]
[SourceDate "2007.10.22"]

1. e4 e5 2. Nf3 Nc6 3. Bb5 d6 4. d4 a6 5. Bxc6+ bxc6 6. dxe5 Bg4 7. exd6 cxd6
8. O-O Nf6 9. Re1 Be7 10. e5 dxe5 11. Qxd8+ Rxd8 12. Nxe5 Bd7 13. Nxd7 Rxd7 14.
Bg5 O-O 15. Nc3 h6 16. Bh4 Re8 17. Bxf6 gxf6 18. Rad1 Rxd1 19. Nxd1 Kf8 20. b3
Rd8 21. Ne3 Bb4 22. Rd1 Re8 23. g3 Kg7 24. Kg2 Kg6 25. Kf3 Kg5 26. Rd7 Kg6 27.
Ra7 a5 28. a3 Bc3 29. Nc4 Bd4 30. Rxa5 Re1 31. Ne3 f5 32. Ra4 c5 33. Rc4 Bxe3
34. fxe3 Rf1+ 35. Kg2 Rd1 36. Rxc5 Kg5 37. Rc4 Rd2+ 38. Kf3 Rxh2 39. a4 h5 40.
a5 Rh1 41. a6 Ra1 42. Ra4 Rf1+ 43. Kg2 Rd1 44. a7 Rd2+ 45. Kf3 Rxc2 46. a8=Q
Rc3 47. Qg8+ Kf6 48. Qh8+ Ke6 49. Qxc3 f6 50. Kf4 h4 51. gxh4 Kf7 52. Kxf5 Ke7
53. Qc7+ Ke8 54. Ra8# 1-0

[Event "BCC Josh Friedel Marathon"]
[Site "?"]
[Date "2008.07.25"]
[Round "3.9"]
[White "Van Gorder, Neil"]
[Black "Shaughnessy, Elizabeth"]
[Result "1-0"]
[WhiteElo "1366"]
[BlackElo "1618"]
[PlyCount "55"]
[EventDate "2007.11.18"]
[SourceDate "2007.10.22"]

1. e4 e5 2. Nf3 Nc6 3. Bb5 Nf6 4. O-O Nxe4 5. d4 a6 6. Bxc6 dxc6 7. Nxe5 Be7 8.
Re1 Nf6 9. Bg5 O-O 10. c3 Nd5 11. Bxe7 Nxe7 12. Nd2 Be6 13. Ndf3 Bd5 14. Qc2 f6
15. c4 fxe5 16. cxd5 exd4 17. dxc6 bxc6 18. Qc4+ Kh8 19. Qxd4 Nd5 20. Rac1 Rf4
21. Qc5 Nb4 22. Red1 Qf6 23. a3 Qg6 24. Ne5 Qf6 25. axb4 Rf8 26. Rc2 Re4 27.
Nf3 Qg6 28. Qxf8# 1-0

[Event "Blackburne Friday Night Marathon"]
[Site "Berkeley"]
[Date "2009.04.10"]
[Round "5.7"]
[White "Van Gorder, Neil A"]
[Black "Stoll, Danny"]
[Result "0-1"]
[WhiteElo "1421"]
[BlackElo "1302"]
[PlyCount "138"]
[EventDate "2009.??.??"]
[SourceDate "2007.10.22"]

1. e4 c5 2. Nf3 d6 3. d4 cxd4 4. Nxd4 Nf6 5. Nc3 g6 6. f3 Bg7 7. Be3 Nc6 8. Qd2
O-O 9. O-O-O Nxd4 10. Bxd4 Be6 11. g4 Qa5 12. Kb1 Rfc8 13. b3 Qa3 14. Nb5 Qa6
15. Nc7 Qc6 16. Nxa8 Rxa8 17. g5 Nh5 18. Bxg7 Kxg7 19. Qd4+ Kg8 20. Qe3 Rc8 21.
Rd2 a5 22. a4 f5 23. exf5 Bxf5 24. Bd3 Qc3 25. Bc4+ Rxc4 26. Qxc3 Rxc3 27. Rf1
Rxb3+ 28. Kc1 Ra3 29. Kb2 Rxa4 30. Rd5 Rb4+ 31. Kc3 b5 32. Rf2 Rc4+ 33. Kb2
Rb4+ 34. Kc3 Nf4 35. Rd4 Rxd4 36. Kxd4 e5+ 37. Kc3 Kf7 38. Kb3 Bd7 39. Rd2 Ke6
40. c4 bxc4+ 41. Kxc4 a4 42. Kb4 Nh3 43. Rg2 Bc6 44. Rg3 Nf4 45. h4 Kd7 46. Ka3
Kc7 47. Rg1 Bxf3 48. Kxa4 Ng2 49. Rc1+ Bc6+ 50. Kb4 Nxh4 51. Rc3 Nf3 52. Re3
Nxg5 53. Rg3 Ne6 54. Rh3 h5 55. Ka5 Nf4 56. Rc3 h4 57. Rc2 Ng2 58. Rf2 Bd5 59.
Rc2+ Kd7 60. Rc3 Nf4 61. Kb6 h3 62. Rc2 Bg2 63. Rc7+ Ke6 64. Rh7 Nh5 65. Kc7 h2
66. Rd7 h1=Q 67. Rxd6+ Kf5 68. Kd7 Nf6+ 69. Kc7 Ne8+ 0-1

[Event "BCC David Pruess Marathon"]
[Site "?"]
[Date "2008.09.19"]
[Round "3.9"]
[White "Van Gorder, Neil"]
[Black "Strand, Doug"]
[Result "1/2-1/2"]
[WhiteElo "1448"]
[BlackElo "1191"]
[PlyCount "102"]
[EventDate "2008.??.??"]
[SourceDate "2007.10.22"]

1. e4 a6 2. d4 b5 3. Bd3 Bb7 4. Nf3 e6 5. Be3 d6 6. Nbd2 c5 7. c4 bxc4 8. Qa4+
Bc6 9. Qxc4 d5 10. exd5 Bxd5 11. Qc3 cxd4 12. Bxd4 Nd7 13. Bxg7 Bxg7 14. Qxg7
Qf6 15. Qxf6 Ngxf6 16. Ke2 Nc5 17. Bc4 Bxc4+ 18. Nxc4 Ke7 19. Rhd1 Rhd8 20.
Nfe5 Rac8 21. Rxd8 Kxd8 22. Nxf7+ Ke7 23. Nfe5 Nfd7 24. Rc1 Nxe5 25. Nxe5 Kd6
26. Nd3 Rc6 27. b4 Ne4 28. Rxc6+ Kxc6 29. Ke3 Nc3 30. a3 Kb5 31. g4 Nb1 32. g5
Nxa3 33. h4 Nc2+ 34. Kd2 Nd4 35. Ke3 Nf5+ 36. Ke4 Nxh4 37. Kf4 Kc4 38. Ke4 Ng6
39. f4 Nf8 40. Ke3 Kc3 41. Nc5 Kxb4 42. Nxa6+ Kb5 43. Nc7+ Kc6 44. Ne8 Kd7 45.
Nf6+ Ke7 46. Ke4 Kf7 47. Ke5 Ke7 48. f5 exf5 49. Kxf5 Kf7 50. Nxh7 Nxh7 51. g6+
Kg7 1/2-1/2

[Event "BCC Grand ReOpening 2007"]
[Site "?"]
[Date "2007.09.30"]
[Round "4"]
[White "Veres, Richard"]
[Black "Duran, Robert"]
[Result "0-1"]
[WhiteElo "1704"]
[BlackElo "1620"]
[PlyCount "102"]
[EventDate "2007.??.??"]
[SourceDate "2007.10.22"]

1. d4 d5 2. Nf3 Nf6 3. e3 c5 4. c3 Nc6 5. Nbd2 g6 6. dxc5 e5 7. Bb5 Bg4 8.
Bxc6+ bxc6 9. Qa4 Qc7 10. Nxe5 Bd7 11. Nxd7 Qxd7 12. Qd4 Bg7 13. Qe5+ Kd8 14.
O-O Ne8 15. Qf4 h5 16. Nf3 Qe7 17. Qb4 Qc7 18. e4 Rb8 19. Qa4 Nf6 20. Bg5 dxe4
21. Rad1+ Ke8 22. Nd4 Rc8 23. Rfe1 Kf8 24. Bxf6 Bxf6 25. Rxe4 Kg7 26. b4 Rhd8
27. Rde1 Rd5 28. g3 Qd7 29. Qa6 Rc7 30. Qc4 a6 31. Qxa6 Bxd4 32. Rxd4 Rxd4 33.
cxd4 Qxd4 34. Qa5 Rb7 35. a3 Qc3 36. Rd1 Re7 37. Qa4 Qf3 38. b5 cxb5 39. Qd4+
Kh7 40. Qd3 Re1+ 41. Rxe1 Qxd3 42. c6 Qc3 43. Re7 Qxc6 44. Rxf7+ Kh6 45. h4
Qc1+ 46. Kg2 Qxa3 47. g4 hxg4 48. h5 Qh3+ 49. Kg1 Qxh5 50. f4 b4 51. f5 Qxf5
0-1

[Event "BCC Grand ReOpening 2007"]
[Site "?"]
[Date "2007.10.14"]
[Round "6"]
[White "Veres, Richard"]
[Black "Mann, Steven"]
[Result "1/2-1/2"]
[WhiteElo "1704"]
[BlackElo "1454"]
[PlyCount "100"]
[EventDate "2007.??.??"]
[SourceDate "2007.10.22"]

1. e4 e6 2. d4 d5 3. Nc3 dxe4 4. Nxe4 Nd7 5. Nf3 Ngf6 6. Ng3 Bd6 7. Bd3 h6 8.
Qe2 O-O 9. Ne5 c5 10. c3 cxd4 11. cxd4 Nxe5 12. dxe5 Qa5+ 13. Bd2 Qxe5 14. O-O
Qxe2 15. Bxe2 Rd8 16. Ba5 b6 17. Bc3 Bb7 18. Bxf6 gxf6 19. Bf3 Bxf3 20. gxf3
Be5 21. Rab1 Rd2 22. Ne4 Rxb2 23. f4 Rxb1 24. Rxb1 Bd4 25. Rd1 Rd8 26. Nc3 Kg7
27. Kg2 e5 28. Kf3 Rc8 29. Rg1+ Kf8 30. Ne4 Ke7 31. f5 Rc2 32. a4 Ra2 33. Rc1
Rxa4 34. Rc7+ Kf8 35. Nxf6 Ra3+ 36. Kg2 Ra2 37. Ne4 Kg7 38. h4 b5 39. h5 b4 40.
f6+ Kg8 41. Rc8+ Kh7 42. Rf8 b3 43. Rxf7+ Kg8 44. Rb7 b2 45. Rg7+ Kf8 46. Nd6
b1=Q 47. Rf7+ Kg8 48. Rg7+ Kf8 49. Rf7+ Kg8 50. Rg7+ Kf8 1/2-1/2

[Event "Berkeley CC Capablanca FNM; 30/90, SD/3"]
[Site "Berkeley"]
[Date "2011.09.23"]
[Round "2.4"]
[White "Vidanovic, Dragan"]
[Black "Magganas, Alexander"]
[Result "1-0"]
[WhiteElo "1950"]
[BlackElo "1665"]
[PlyCount "81"]
[EventDate "2011.??.??"]
[SourceDate "2007.10.22"]

1. c4 Nf6 2. g3 g6 3. Bg2 Bg7 4. Nc3 O-O 5. e4 d6 6. Nge2 c5 7. O-O Nc6 8. d3
Nh5 9. h3 Nd4 10. Nxd4 Bxd4 11. Ne2 Bg7 12. Rb1 Qa5 13. a3 Bd7 14. b4 cxb4 15.
axb4 Qa2 16. Bd2 Ba4 17. Qc1 Bc2 18. Nc3 Bxc3 19. Bxc3 Bxb1 20. Qxb1 Qxb1 21.
Rxb1 Rac8 22. b5 b6 23. Bd2 Rc7 24. g4 Ng7 25. f4 h5 26. f5 hxg4 27. hxg4 gxf5
28. gxf5 f6 29. Kf2 Ne8 30. Bf3 Kg7 31. Rg1+ Kh7 32. Rh1+ Kg8 33. Bh6 Ng7 34.
Rg1 e6 35. fxe6 Kh7 36. Bxg7 Rxg7 37. Rxg7+ Kxg7 38. Bh5 Kh6 39. e7 Rg8 40.
e8=Q Rxe8 41. Bxe8 1-0

[Event "Berkeley CC Capablanca FNM; 30/90, SD/3"]
[Site "Berkeley"]
[Date "2011.10.21"]
[Round "6.5"]
[White "Vidanovic, Dragan"]
[Black "Maser, Thomas"]
[Result "1/2-1/2"]
[WhiteElo "1950"]
[BlackElo "1966"]
[PlyCount "96"]
[EventDate "2011.??.??"]
[SourceDate "2007.10.22"]

1. c4 Nf6 2. g3 e6 3. Bg2 d5 4. Nf3 Bd6 5. O-O O-O 6. b3 c5 7. cxd5 exd5 8. d4
Nc6 9. Bb2 Re8 10. dxc5 Bxc5 11. e3 Bg4 12. h3 Be6 13. Nc3 Ne4 14. Qc2 Rc8 15.
Rad1 Nxc3 16. Qxc3 Bf8 17. Qd2 f6 18. Rc1 Qd7 19. Kh2 Bb4 20. Qe2 Bd6 21. Rfd1
Be5 22. Qd2 Bxb2 23. Qxb2 Qf7 24. Nd4 Nxd4 25. Qxd4 Rxc1 26. Rxc1 b6 27. Rc6
Rd8 28. Rc2 g6 29. Rd2 Rd7 30. Rc2 Rd8 31. g4 f5 32. g5 Qe7 33. Qe5 Qd6 34.
Qxd6 Rxd6 35. Kg3 h6 36. h4 hxg5 37. hxg5 Kf7 38. Kf4 d4 39. Rd2 dxe3 40. Kxe3
Rxd2 41. Kxd2 Ke7 42. Kd3 Kd6 43. Kd4 a5 44. Bf1 Bf7 45. f4 Be6 46. Bc4 Bxc4
47. Kxc4 Kc6 48. a4 Kd6 1/2-1/2

[Event "Berkeley CC Capablanca FNM; 30/90, SD/3"]
[Site "Berkeley"]
[Date "2011.10.07"]
[Round "4.1"]
[White "Vidanovic, Dragan"]
[Black "Poehlmann, Roger M"]
[Result "0-1"]
[WhiteElo "1950"]
[BlackElo "2259"]
[PlyCount "66"]
[EventDate "2011.??.??"]
[SourceDate "2007.10.22"]

1. c4 e6 2. g3 d5 3. Bg2 Nf6 4. Nf3 c6 5. O-O Nbd7 6. Qc2 Be7 7. b3 O-O 8. Bb2
b6 9. d3 Bb7 10. Nbd2 c5 11. cxd5 exd5 12. Rac1 Re8 13. Rfe1 d4 14. e4 dxe3 15.
fxe3 Rc8 16. Qc3 Bf8 17. e4 Nb8 18. Ng5 Rc7 19. d4 Rd7 20. d5 Nxd5 21. exd5
Rxe1+ 22. Rxe1 Qxg5 23. Re8 Bxd5 24. Bxd5 Rxd5 25. Ne4 Rd1+ 26. Kg2 Qg6 27. Qf3
Rb1 28. Be5 Nd7 29. Bd6 f5 30. Bxf8 Qxe8 31. Nd6 Qe6 32. Be7 Rb2+ 33. Kf1 h6
0-1

[Event "Berkeley CC Colle FNM; 30/90, SD/30"]
[Site "Berkeley"]
[Date "2011.07.08"]
[Round "5.11"]
[White "Walters, Kevin"]
[Black "Landrum, Brett"]
[Result "1-0"]
[WhiteElo "1633"]
[BlackElo "1572"]
[PlyCount "91"]
[EventDate "2011.??.??"]
[SourceDate "2007.10.22"]

1. e4 e5 2. d4 exd4 3. c3 Nc6 4. cxd4 d5 5. Bb5 a6 6. Bxc6+ bxc6 7. Qc2 Ne7 8.
Nf3 dxe4 9. Ne5 Qxd4 10. Nxc6 Qd5 11. Nxe7 Bxe7 12. O-O Bd6 13. Re1 O-O 14. Nc3
Qd3 15. Qa4 f5 16. Be3 Bd7 17. Qb3+ Kh8 18. Rad1 Rab8 19. Rxd3 Rxb3 20. Rxd6
cxd6 21. axb3 Rb8 22. Rd1 Rxb3 23. Rxd6 Rb7 24. Rxa6 h6 25. Ra7 Rxa7 26. Bxa7
Bc6 27. b4 Kg8 28. b5 Bb7 29. Bd4 Kf7 30. b6 g6 31. Na4 Ke7 32. Nc5 Bc6 33. b7
Bxb7 34. Nxb7 Ke6 35. Nd8+ Kd5 36. Bg7 h5 37. g3 Kc4 38. h4 Kd3 39. Ne6 e3 40.
Nf4+ Kd2 41. fxe3 Kxe3 42. Nxg6 Kf3 43. Kh2 Ke4 44. Nf4 Kf3 45. Nxh5 Kg4 46.
Nf6+ 1-0

[Event "Berkeley CC Colle FNM; 30/90, SD/30"]
[Site "Berkeley"]
[Date "2011.07.15"]
[Round "6.7"]
[White "Walters, Kevin"]
[Black "Lesquillier, Walter"]
[Result "1/2-1/2"]
[WhiteElo "1633"]
[BlackElo "1722"]
[PlyCount "101"]
[EventDate "2011.??.??"]
[SourceDate "2007.10.22"]

1. e4 e5 2. Nf3 Nc6 3. Bc4 Bc5 4. O-O Nf6 5. Qe2 d6 6. h3 O-O 7. c3 Qe7 8. b4
Bb6 9. a4 a6 10. Bb2 Be6 11. Na3 d5 12. exd5 Bxd5 13. Rfe1 Rfe8 14. b5 Bxf3 15.
Qxf3 e4 16. Qg3 Qe5 17. Qh4 Na5 18. d4 Qd6 19. Ba2 c5 20. d5 Bc7 21. g3 e3 22.
Rxe3 Rxe3 23. fxe3 Re8 24. Nc2 Re4 25. Qg5 h6 26. Qf5 Qxg3+ 27. Kf1 Be5 28. Ke2
g6 29. Qf2 Qxf2+ 30. Kxf2 Rxa4 31. d6 Ne4+ 32. Kg2 Nxd6 33. Bxf7+ Kxf7 34. Rxa4
Nac4 35. bxa6 bxa6 36. Ba1 a5 37. Kf3 Nd2+ 38. Ke2 Nb1 39. Rxa5 Nxc3+ 40. Bxc3
Bxc3 41. Rxc5 Bf6 42. Nd4 g5 43. Kf3 h5 44. Rc7+ Kg6 45. Ne6 Kf5 46. Nd4+ Kg6
47. Ne6 Kf5 48. Nd4+ Kg6 49. Rc6 Nf7 50. Kg3 Ne5 51. Rc8 1/2-1/2